000 00952cam a2200289 a 4500
001 000012443
005 20200929163026.0
008 700108s1970 enk b 001 0 eng d
015 _aB70-12178
020 _a0802016790
035 _a(DLC) 75527604
040 _aDO-SdBNP
_cDLC
_dDLC
043 _ae-uk---
050 0 0 _aLA631.82
_b.M26
082 _annn
_bM296t
100 1 _aManzer, Ronald A.
_929153
245 1 0 _aTeachers and politics :
_bthe role of the National Union of Teachers in the making of national educational policy in England and Wales since 1944 /
_cRonald A. Manzer.
260 _aToronto :
_bUniversity of Toronto Press,
_c1970.
300 _axi, 164 p. ;
_c23 cm.
504 _aIncludes bibliographical references.
650 0 _aEducation
_zGreat Britain
_xHistory.
_929154
610 2 0 _aNational Union of Teachers.
_929155
910 _aCatalogación por copia / LC
082 0 0 _a379
049 _aBNGR
350 _a40/-
999 _c12100
_d12100